LEADER 01199nam0 2200349 450 001 000018829 005 20060322120858.0 010 $a88-203-2182-3 035 100 $a20060317d1995----km-y0itaa50------ba 101 0 $aita 102 $aIT 200 1 $aAutomazione industriale$ePLC, robot, intelligenza artificiale, sistemi flessibili di montaggio$fCarlo Celati 210 $aMilano$cHoepli$dc1995 215 $a619 p.$cill.$d24 cm 225 2 $aBiblioteca tecnica Hoepli 410 0$12001$aBiblioteca tecnica Hoepli 606 $aAutomi 676 $a629.892$v(21. ed.)$9Ingegneria dei controlli automatici. Robot 700 1$aCelati,$bCarlo$0442791 801 2$aIT$bUniversità della Basilicata - B.I.A.$gRICA$2unimarc 801 0$aIT$bBNI$c19960515$gRICA 802 $ad 912 $a000018829 996 $aAutomazione industriale$983757 997 $aUNIBAS BAS $aINGEGNERIA CAT $aFCL$b30$c20060317$lBAS01$h1328 CAT $aFCL$b30$c20060317$lBAS01$h1330 CAT $aTTM$b30$c20060322$lBAS01$h1208 FMT Z30 -1$lBAS01$LBAS01$mBOOK$1BASA2$APolo Tecnico-Scientifico$2DID$BDidattica$3PTS.s2.p35.19$6104260$5T104260$820060323$f98$FConsultazione LEADER 01556oam 2200505Ia 450 001 9910690766303321 005 20141020135359.0 035 $a(CKB)5470000002340659 035 $a(OCoLC)51997229 035 $a(OCoLC)52002700 035 $a(EXLCZ)995470000002340659 100 $a20030408d1999 ua 0 101 0 $aeng 135 $aurbn||||||||| 181 $ctxt$2rdacontent 182 $cc$2rdamedia 183 $acr$2rdacarrier 200 10$a1997 economic census$iManufacturing$iIndustry series$iTruss manufacturing$b[electronic resource] 210 1$a[Washington, D.C.] :$cU.S. Dept. of Commerce, Economics and Statistics Administration, U.S. Census Bureau,$d[1999] 215 $a1 online resource (34 unnumbered pages) 300 $aTitle from title screen (viewed Mar. 18, 2003). 300 $a"Issued July 1999." 300 $a"EC97M-3212D." 517 $aEconomic census 606 $aTrusses$vStatistics 606 $aLumber trade$zUnited States$vStatistics 606 $aManufacturing industries$zUnited States$vStatistics 607 $aUnited States$2fast 608 $aStatistics.$2lcgft 615 0$aTrusses 615 0$aLumber trade 615 0$aManufacturing industries 712 02$aUnited States.$bBureau of the Census. 801 0$bGPO 801 1$bGPO 801 2$bOCLCQ 801 2$bSYB 801 2$bOCLCQ 801 2$bOCLCO 801 2$bOCLCA 801 2$bOCLCF 906 $aBOOK 912 $a9910690766303321 996 $a1997 economic census$93431776 997 $aUNINA